Central Library OPAC University of Rajshahi

International law : (Record no. 44646)

MARC details
000 -LEADER
fixed length control field 00806cam a2200265 a 4500
001 - CONTROL NUMBER
control field 44646
003 - CONTROL NUMBER IDENTIFIER
rucl marc code BD-RJUL
005 - DATE AND TIME OF LATEST TRANSACTION
control field 20211209053908.0
008 - FIXED-LENGTH DATA ELEMENTS--GENERAL INFORMATION
fixed length control field 160718s19671955enk b 001 0 eng d
035 ## - SYSTEM CONTROL NUMBER
System control number (BD-RjUL)44764
040 ## - CATALOGING SOURCE
Original cataloging agency BD-RjUL
Language of cataloging eng
Transcribing agency BD-RjUL
041 ## - LANGUAGE CODE
Language code of text/sound track or separate title eng
082 ## - DEWEY DECIMAL CLASSIFICATION NUMBER
Edition number 23
Classification number 341
Author mark and year OPI 1966
100 1# - MAIN ENTRY--PERSONAL NAME
Personal name Oppenheim, L.
Fuller form of name (Lassa),
Dates associated with a name 1858-1919
9 (RLIN) 136949
245 10 - TITLE STATEMENT
Title International law :
Remainder of title a treatise /
Statement of responsibility, etc. L. Oppenheim.
246 18 - VARYING FORM OF TITLE
Title proper/short title Oppenheim's International law
250 ## - EDITION STATEMENT
Edition statement 8th ed.
260 ## - PUBLICATION, DISTRIBUTION, ETC. (IMPRINT)
Place of publication, distribution, etc. London :
Name of publisher, distributor, etc. Longmans,
Date of publication, distribution, etc. 1955-1967
300 ## - PHYSICAL DESCRIPTION
Pagination 2 v. ;
Size 22 cm.
504 ## - BIBLIOGRAPHY, ETC. NOTE
Bibliography, etc Includes bibliographical references and index.
505 0# - FORMATTED CONTENTS NOTE
Formatted contents note v.1. Peace -- v. 2. Peace.
650 #0 - SUBJECT ADDED ENTRY--TOPICAL TERM
Topical term or geographic name as entry element International law.
9 (RLIN) 136950
700 1# - ADDED ENTRY--PERSONAL NAME
Personal name Lauterpacht, Hersch,
Dates associated with a name 1897-1960.
942 ## - ADDED ENTRY ELEMENTS (KOHA)
Source of classification or shelving scheme Dewey Decimal Classification
Koha item type Books
Holdings
Lost status Source of classification or shelving scheme Damaged status Not for loan Collection code Permanent Location Current Location Shelving location Date acquired Source of acquisition Total Checkouts Full call number Date last seen Copy number Koha item type Cost, normal purchase price
  Dewey Decimal Classification     Non-fiction Central Library, University of Rajshahi Central Library, University of Rajshahi   02/09/1968 Zeithlinger   341 OPI V-1 1966 18/07/2016 C-2 Books  
  Dewey Decimal Classification     Non-fiction Central Library, University of Rajshahi Central Library, University of Rajshahi   02/09/1968 Zeitlinger   341 OPI V-1 1967 07/08/2016 C-3 Books 100.00
  Dewey Decimal Classification     Non-fiction Central Library, University of Rajshahi Central Library, University of Rajshahi   02/09/1968 Zeitlinger   341 OPI V-1 1967 07/08/2016 C-4 Books 100.00
  Dewey Decimal Classification     Non-fiction Central Library, University of Rajshahi Central Library, University of Rajshahi   02/09/1968 Zeitlinger   341 OPI V-1 1967 28/09/2016 C-5 Books 100.00
  Dewey Decimal Classification     Non-fiction Central Library, University of Rajshahi Central Library, University of Rajshahi   07/02/1963 Zeitlinger   341 OPI V-2 1955 24/11/2016 C-6 Books 90.00
  Dewey Decimal Classification     Non-fiction Central Library, University of Rajshahi Central Library, University of Rajshahi   04/05/1964 Zeitlinger   341 OPI V-1 1963 29/11/2016 C-4 Books 180.00
  Dewey Decimal Classification   Not For Loan Non-fiction Central Library, University of Rajshahi Central Library, University of Rajshahi Reading Room 10/12/1955 Pub. United.   341 OPI V-1 1963 26/12/2016 C-1 Books 36.90
  Dewey Decimal Classification     Non-fiction Central Library, University of Rajshahi Central Library, University of Rajshahi   08/12/1964 Zeitlinger   341 OPI 1963 V-1 21/10/2018 C-6 Books 90.00
  Dewey Decimal Classification     Non-fiction Central Library, University of Rajshahi Central Library, University of Rajshahi   16/07/1967 Zeitlinger   341 OPI 1966 V-1 31/10/2018 C-7 Books 90.00
  Dewey Decimal Classification     Non-fiction Central Library, University of Rajshahi Central Library, University of Rajshahi   16/07/1967 Zeitlinger   341 OPI 1963 V-1 31/10/2018 C-8 Books 90.00
  Dewey Decimal Classification     Non-fiction Central Library, University of Rajshahi Central Library, University of Rajshahi   16/07/1967 Zeitlinger   341 OPI 1955 V-1 31/10/2018 C-9 Books 90.00